Pays ayant exactement 2 frontières terrestres - Statistiques

Statistiques générales
  • Ce quiz a été pris 61 fois
  • Le résultat moyen est 18 sur 27
Statistiques - réponses
Réponse % Correct
États-Unis
86%
Panama
82%
Andorre
80%
Costa Rica
80%
Suède
80%
Estonie
76%
Népal
76%
Liechtenstein
74%
Bélize
72%
Bhoutan
70%
Équateur
70%
Nicaragua
70%
Uruguay
70%
Mongolie
68%
Salvador
66%
Yémen
66%
Émirats Arabes Unis
64%
Liban
64%
Pays-Bas
62%
Tunisie
62%
Eswatini
56%
Moldavie
56%
Bangladesh
54%
Koweït
54%
Guinée-Bissau
50%
Guinée Équatoriale
46%
Sierra Léone
44%
Aucun quiz correspondant
Distribution des résultats
% des personnes avec chaque résultat
Percentile par nombre de réponses
Votre historique - résultats
Vous n’avez pas pris ce quiz